Datum a čas kvízu
21.5
Celkem bodů
Celkový počet nahraných bodů na tomto kvízu bez doplňovacích otázek.
8.
Pořadí na kvízu
Konečné umístění týmu na tomto kvízu.
Zaznamenané odpovědi
| # | Otázka | Odpověď | Body | Výsledky |
|---|---|---|---|---|
| 1. | Které všeobecně známé tradiční... | pochodu Praha - Prčice | 1 | |
| 2. | Odvolací soud ve středu potvrd... | Nicolas Sarkozy | 0 | |
| 3. | Desítky mužů a žen prošly v so... | byli nazí | 1 | |
| 4. | Staropramen minulý týden předs... | Orlando Bloom | 1 | |
| 5. | Který zápasník o víkendu poraz... | Patrik Kincl | 1 | |
| 6. | Ve třetím díle našeho cyklu si... | T - 1000 | 0 | |
| 7. | Kriminální drama s prvky černé... | 1B 2D 3C 4A | 0 | |
| 8. | Kdo z níže uvedených označil f... | C | 0 | |
| 9. | Dalším v pořadí je první díl J... | 9 členů | 1 | |
| 10. | Patnáctku nejlepších filmů uza... | Nový Zéland | 0 |